000 00276nam a2200109Ia 4500
008 180205s9999 xx 000 0 und d
020 _a71226567
100 _aPapalia, Diane E.
245 _aHuman Development /
260 _aUSA
_bMc graw hill
_c2002
300 _aiii, 522 pages
999 _c354663
_d354663